| 000 | 00657nam a22002172 4500 | ||
|---|---|---|---|
| 001 | 0000019871 | ||
| 005 | 20151217154436.0 | ||
| 008 | 110302s xx 000 0 eng d | ||
| 020 | _a0131714724 : | ||
| 040 |
_aKABU _cKABU |
||
| 245 | 1 | 0 |
_aMedical-surgical nursing care / _cKaren M. Burke ... [et al]. |
| 250 | _a2nd ed. | ||
| 260 |
_aUpper Saddle River, NJ. : _bPearson, _c2007. |
||
| 300 |
_axix, 1384 p. + _e1 CD-ROM. |
||
| 650 | 0 |
_aSurgical nursing. _@0000179839 |
|
| 650 | 0 |
_aNursing. _@0000155852 |
|
| 700 | 1 |
_aBurke, Karen M. _@0000179840 |
|
| 852 | 1 | _9p4520 KES | |
| 908 | _a110302 | ||
| 950 | _@1 | ||
| 999 |
_c11289 _d11289 |
||